Guess the capital by football player #1 - Statistics

General Stats
  • This quiz has been taken 38 times
  • The average score is 12 of 20
Answer Stats
Football players Capitals % Correct
Kylian Mbappé Paris
100%
Lionel Messi Buenos Aires
91%
Pablo Gavi Madrid
85%
Leonardo Bonucci Rome
85%
Mohamed Salah Cairo
82%
Christian Pulisic Washington
82%
Hakan Çalhanoğlu Ankara
76%
Mykhailo Mudryk Kyiv
76%
Erling Haaland Oslo
76%
Takumi Minamino Tokyo
76%
Sadio Mané Dakar
64%
Szoboszlai Dominik Budapest
58%
Miralem Pjanić Sarajevo
58%
Enner Valencia Quito
52%
Claudio Pizarro Lima
39%
Leon Bailey Kingston
36%
Aaron Mooy Canberra
33%
Abat Aymbetov Astana
21%
Mirko Palazzi San Marino
15%
Geoffrey Kondogbia Bangui
9%
No matching quizzes found
Score Distribution
Percent of People with Each Score
Percentile by Number Answered
Your Score History
You have not taken this quiz